000 01233nam a2200229Ia 4500
001 L262-20247
003 IT-CnALBA
008 170116s9999||||xx |||||||||||||| ||und||
040 _aIT-CnALBA
_cIT-CnALBA
041 _aBILINGUE
100 _aFEA COSTANZO MICHELE, VESCOVO DI ALBA.
245 0 _aSYNODUS DIOECESANA ALBENSIS. (A.D. MDCCCXLI).
250 _a1a ed.
260 _aALBA (CN)
_bSANSOLDI TIP. LIBR. DIOCESANA
_c1841 [1° Ed.:1841 - Ed.Ling.Originale: 1841]
300 _a566 p.
500 _aINDIZIONE DEL SINODO. PROFESSIONE DI FEDE. ACATTOLICI E PROTESTANTI. MASSONERIA. ERETICI. LIBRI PROIBITI. CATECHESI. OMELIE. MISSIONI. I SACRAMENTI. CASI RISERVATI. SACRAMENTALI. COSE SACRE. SUPPELLETTILI. VITA CLERICALE. ELEZIONI MUNICIPALI. PARROCI. VIC
501 _aSocietà San Paolo EM - Piazza San Paolo, 14 - 12051 ALBA (CN) (non commercial uses only) ® Copyright 2017
520 _aINDIZIONE DEL SINODO. PROFESSIONE DI FEDE. ACATTOLICI E PROTESTANTI. MASSONERIA. ERETICI. LIBRI PROIBITI. CATECHESI. OMELIE. MISSIONI. I SACRAMENTI. CASI RISERVATI. SACRAMENTALI. COSE SACRE. SUPPELLETTILI. VITA CLERICALE. ELEZIONI MUNICIPALI. PARROCI. VIC
650 _aECCLESIOLOGIA
942 _cBK
957 _71
999 _a24986
_bSI
_g Copie: 1
_c279367
_d279367